000 00752nam a2200181Ia 4500
008 090124s9999 xx 000 0 und d
082 _b24319
100 _aदेशपांडे वा. ज्यो.
245 _a महाराष्ट्र दर्शन 1 साहित्य-दर्शन 1
250 _a0
260 _bअतुल प्रकाशन
_c1986
300 _a72
600 _aदेशपांडे वा. ज्यो.
630 _a महाराष्ट्र दर्शन 1 साहित्य-दर्शन 1
700 _aदेशपांडे वा. ज्यो.
730 _a महाराष्ट्र दर्शन 1 साहित्य-दर्शन 1
942 _cBOOK
999 _c92843
_d92843